LEADER 01085nam a22002771i 4500 001 991000347409707536 005 20040128103920.0 008 040204s1987 it a||||||||||||||||ita 035 $ab1260303x-39ule_inst 035 $aARCHE-061024$9ExL 040 $aDip. SSC$bita$cA.t.i. Arché s.c.r.l. Pandora Sicilia s.r.l. 082 04$a850.91 245 00$aLuigi Pirandello :$bpoetica e presenza : atti del convegno delle Universitàdi Lovanio e Anversa, 13-16 maggio 1986 /$ca cura di W. Geerts, F. Musarra, S. Vanvolsem 260 $aRoma :$bBulzoni,$c1987 300 $a619 p. :$bill. ;$c21 cm 650 4$aPirandello Luigi$xCongressi$y1986 650 4$aLetteratura italiana$ySec 19.-20. 700 1 $aGeerts, Walter 700 1 $aMusarra, Franco 700 1 $aVanvolsem, Serge 907 $a.b1260303x$b02-04-14$c12-02-04 912 $a991000347409707536 945 $aLE021 TI18E36$g1$iLE021-1204$lle021$o-$pE0.00$q-$rl$s- $t0$u0$v0$w0$x0$y.i13084215$z12-02-04 996 $aLuigi Pirandello$9131022 997 $aUNISALENTO 998 $ale021$b12-02-04$cm$da $e-$fita$git $h0$i1 LEADER 02036nas 2200529-a 450 001 9910137201503321 005 20260218111305.0 035 $a(DE-599)ZDB1491889-4 035 $a(CKB)110978979588557 035 $a(CONSER)---92644610- 035 $a(DE-599)1491889-4 035 $a(EXLCZ)99110978979588557 100 $a20791123b1950201u --- b 101 0 $aspa 181 $ctxt$2rdacontent 182 $cc$2rdamedia 183 $acr$2rdacarrier 200 00$aBoletín de la Real Sociedad Española de Historia Natural$iSección geológica $eórgano del Instituto de Ciencias Naturales José de Acosta 210 $aMadrid $cReal Sociedad Española de Historia Natural$d1950- 215 $a1 online resource 300 $aAt head of title: Consejo Superior de Investigaciones Científicas. 311 08$aPrint version: Boletín de la Real Sociedad Española de Historia Natural. 0583-7510 (DLC) 92644610 (OCoLC)5724632 517 3 $aSección geológica 531 $aSECCION GEOLOGICA 531 $aREAL SOCIEDAD ESPANOLA DE HISTORIA NATURAL BOLETIN SECCION GEOLOGICA 531 $aBOL R SOC ESP HIST NAT SECC GEOL 531 0 $aBol. R. Soc. Esp. Hist. Nat., Secc. geol. 606 $aGeology$vPeriodicals 606 $aGeology$2fast$3(OCoLC)fst00940627 606 $aSciences naturelles$zEspagne 606 $aNature$xConservation 608 $aPeriodicals.$2fast 608 $aPeriodicals.$2lcgft 615 0$aGeology 615 7$aGeology. 615 6$aSciences naturelles 615 6$aNature$xConservation. 676 $a505 712 02$aReal Sociedad Espan?ola de Historia Natural. 712 02$aInstituto de Ciencias Naturales Jose? de Acosta. 712 02$aConsejo Superior de Investigaciones Cienti?ficas (Spain) 712 02$aInstituto de Investigaciones Geolo?gicas "Lucas Mallada". 906 $aJOURNAL 912 $a9910137201503321 920 $aexl_impl conversion 996 $aBoletín de la Real Sociedad Española de Historia Natural$9799442 997 $aUNINA